Science Quiz

Random Science or Clickable Quiz

APES 2017 Alec Roeller CH 2 Quiz Stats

 Plays Quiz not verified by Sporcle

Challenge
Share
Tweet
Embed
Score 0/33 Timer 20:00
0 Plays Today
% Correct
Science
75%
Scientific Hypothesis
75%
Reliable Science
75%
Model
75%
Scientific Theory
75%
Peer Review
75%
Scientific Law
75%
Tentative Science
75%
Compound
75%
Atom
75%
Electron
75%
Atomic Number
75%
Molecule
75%
Ion
75%
Acidity
75%
Element
50%
Neutron
50%
% Correct
Proton
50%
Isotopes
50%
Organic Compound
50%
Cell
50%
Genes
50%
Chromosome
50%
Radioactive Decay
50%
Nuclear Fission
50%
Law of Conservation of Matter
50%
Energy
50%
Thermal Energy
50%
Electormagnetic Energy
50%
50%
Trait
25%
25%
25%

You're not logged in!

Compare scores with friends on all Sporcle quizzes.
OR
Log In

You Might Also Like...

Show Comments

Extras

Created Aug 21, 2017ReportNominate
Tags:Clickable Quiz, 2017, alec, ape, Ch 2

Top Quizzes Today


Score Distribution

Your Account Isn't Verified!

In order to create a playlist on Sporcle, you need to verify the email address you used during registration. Go to your Sporcle Settings to finish the process.

Report this User

Report this user for behavior that violates our Community Guidelines.

Details: